Normal view
MARC view
Entry Personal Name
001 - CONTROL NUMBER
- control field: 42459
003 - CONTROL NUMBER IDENTIFIER
- control field: ARRUPE
005 - DATE AND TIME OF LATEST TRANSACTION
- control field: 20180920161144.0
008 - FIXED-LENGTH DATA ELEMENTS
- fixed length control field: 180920|| aca||aabn | a|a d
040 ## - CATALOGING SOURCE
- Original cataloging agency: ARRUPE
- Transcribing agency: ARRUPE
100 ## - HEADING--PERSONAL NAME
- Personal name: Schelling, Friedrich Wilhelm Joseph von,
- Dates associated with a name: 1775-1854.
670 ## - SOURCE DATA FOUND
- Source citation: Work cat.: (ARRUPE)0: Schelling, Friedrich Wilhelm Joseph von, 1775-1854., Bruno, or, On the natural and the divine principle of things /, c1984.